000 00534nam a2200181Ia 4500
999 _c5720
_d5720
003 OSt
005 20200130094512.0
008 190216s9999||||xx |||||||||||||| ||und||
020 _a8121914612
040 _coclc
082 _a338.5024658
_bCAU/M
100 _aCauvery, R
_9493
245 0 _aManagerial Economics /
_cR Cauvery ; U K Sudhanayak ; M Girija
250 _a2nd ed.
260 _bS Chand & Company,
_c2000.
_aNew Delhi:
300 _a463p
942 _cBK
_2ddc
_h338.5024658
_iCAU/M
_k338.5024658
_mCAU/M